| 000 | 00520nam a22001817a 4500 | ||
|---|---|---|---|
| 005 | 20230929162449.0 | ||
| 010 | _aENG-138031 | ||
| 020 |
_a9788179261743 _c150.00 |
||
| 035 | _aEN-121563 | ||
| 037 | _bDBAD/PUB | ||
| 082 | _a540 | ||
| 100 |
_aGhosh, Samir kumar _957623 |
||
| 245 |
_aHow much Physics you know / _c Samir kumar Ghosh |
||
| 260 |
_aKolkata _bBest Books _c2015 |
||
| 270 |
_a15 wards institution street _bKolkata _e700006 |
||
| 300 |
_a184p. _c21cm(pbk) |
||
| 942 |
_2ddc _cEN _h540 _mGHO |
||
| 999 |
_c198644 _d198644 |
||